Economics of higher education. (Record no. 34373)
[ view plain ]
| 000 -LEADER | |
|---|---|
| fixed length control field | 01361cam a22002891 4500 |
| 001 - CONTROL NUMBER | |
| control field | hew62000119 |
| 003 - CONTROL NUMBER IDENTIFIER | |
| control field | DLC |
| 005 - DATE AND TIME OF LATEST TRANSACTION | |
| control field | 20260227111511.0 |
| 008 - FIXED-LENGTH DATA ELEMENTS--GENERAL INFORMATION | |
| fixed length control field | 730420s1962 dcua b 000 0 eng c |
| 010 ## - LIBRARY OF CONGRESS CONTROL NUMBER | |
| LC control number | hew62000119 |
| 035 ## - SYSTEM CONTROL NUMBER | |
| System control number | (OCoLC)607410 |
| 040 ## - CATALOGING SOURCE | |
| Original cataloging agency | U.S. Dept. of Health, Education and Welfare |
| Transcribing agency | OYU |
| Modifying agency | NcRS |
| -- | ISS |
| -- | IU |
| -- | OCoLC |
| -- | DLC |
| 042 ## - AUTHENTICATION CODE | |
| Authentication code | premarc |
| 050 00 - LIBRARY OF CONGRESS CALL NUMBER | |
| Classification number | L111 |
| Item number | .A6 1962, no. 5 |
| 051 ## - LIBRARY OF CONGRESS COPY, ISSUE, OFFPRINT STATEMENT | |
| Classification number | LB2342 |
| Item number | .M79 |
| 086 0# - GOVERNMENT DOCUMENT CLASSIFICATION NUMBER | |
| Classification number | FS 5.250:50027 |
| 100 1# - MAIN ENTRY--PERSONAL NAME | |
| Personal name | Mushkin, Selma J., |
| Dates associated with a name | 1913- |
| 245 10 - TITLE STATEMENT | |
| Title | Economics of higher education. |
| 260 ## - PUBLICATION, DISTRIBUTION, ETC. | |
| Place of publication, distribution, etc. | [Washington] |
| Name of publisher, distributor, etc. | U.S. Dept. of Health, Education, and Welfare, Office of Education [For sale by the Superintendent of Documents, U.S. Govt. Print. Off., |
| Date of publication, distribution, etc. | 1962] |
| 300 ## - PHYSICAL DESCRIPTION | |
| Extent | xviii, 406 p. |
| Other physical details | illus. |
| Dimensions | 24 cm. |
| 410 20 - SERIES STATEMENT/ADDED ENTRY--CORPORATE NAME [OBSOLETE, CAN/MARC], [LOCAL, USA] | |
| Corporate name or jurisdiction name as entry element | U.S. Office of Education. |
| Title of a work | Bulletin 1962, |
| Volume number/sequential designation | no. 5 |
| 500 ## - GENERAL NOTE | |
| General note | "OE-50027." |
| 501 ## - WITH NOTE | |
| With note | Copies 1 and 2 of L111.A6 with: Publications of the Office of Education, 1962. -- Leadership role of state supervisors of mathematics. -- Research in the teaching of science, July 1957-July 1959. Washington : U.S. Dept. of Health, Education, and Welfare, Office of Education, 1962. Bound together subsequent to publication. |
| Institution to which field applies | DLC |
| 504 ## - BIBLIOGRAPHY, ETC. NOTE | |
| Bibliography, etc. note | Bibliographical footnotes. |
| 650 #0 - SUBJECT ADDED ENTRY--TOPICAL TERM | |
| Topical term or geographic name entry element | Education, Higher |
| Geographic subdivision | United States |
| General subdivision | Finance. |
| 650 #0 - SUBJECT ADDED ENTRY--TOPICAL TERM | |
| Topical term or geographic name entry element | Education, Higher |
| Geographic subdivision | United States |
| Form subdivision | Statistics. |
No items available.